Manhunt Bangkok Teilnehmer - Statistiken

Allgemein
  • Dieses Quiz wurde 13 mal gespielt
  • Das Durchschnittsergebnis liegt bei 8 aus 8
Antwortstatistiken
Spielernummer Spieler % Korrekt
7 Alex / RooflessCat
100%
8 Fibi
100%
1 Karsten / LostHistorie
100%
3 Nico / Greenradom
100%
5 Joris
92%
4 Lola / QuiteLola
92%
6 Lukas
92%
2 Chris / Kuhlewu
85%
Keine übereinstimmenden Quizze gefunden
Verteilung der Resultate
Anzahl Personen mit jedem Resultat
Perzentil nach korrekt beantworteten Fragen
Ihre Resultats-Entwicklung
Sie haben dieses Quiz noch nicht gespielt